| Tag |
First Indicator |
Second Indicator |
Subfields |
| LEADER |
00000cam a2200000 i 4500 |
| 001 |
in00004446821 |
| 008 |
200214s2021 cauab b 001 0 eng |
| 005 |
20250318220129.0 |
| 010 |
|
|
|a 2020007562
|
| 020 |
|
|
|a 9780520343214
|
| 020 |
|
|
|a 0520343212
|q hardcover
|q alkaline paper
|
| 035 |
|
|
|a (OCoLC)on1142889711
|
| 035 |
|
|
|a (OCoLC)1142889711
|
| 040 |
|
|
|a CU-S/DLC
|b eng
|e rda
|c DLC
|d OCLCO
|d OCLCQ
|d OCLCF
|d UKMGB
|d ERASA
|d YDX
|d SYB
|
| 042 |
|
|
|a pcc
|
| 043 |
|
|
|a a-ii---
|
| 050 |
0 |
0 |
|a ND1002
|b .K56 2021
|
| 082 |
0 |
0 |
|a 759.954
|2 23
|
| 100 |
1 |
|
|a Kim, Jinah,
|d 1976-
|e author.
|
| 245 |
1 |
0 |
|a Garland of visions :
|b color, tantra, and a material history of Indian painting /
|c Jinah Kim.
|
| 264 |
|
1 |
|a Oakland, California :
|b University of California Press,
|c [2021]
|
| 300 |
|
|
|a xv, 331 pages :
|b illustrations (chiefly color), maps (color) ;
|c 27 cm
|
| 336 |
|
|
|a text
|b txt
|2 rdacontent
|
| 336 |
|
|
|a still image
|b sti
|2 rdacontent
|
| 337 |
|
|
|a unmediated
|b n
|2 rdamedia
|
| 338 |
|
|
|a volume
|b nc
|2 rdacarrier
|
| 504 |
|
|
|a Includes bibliographical references and index.
|
| 505 |
0 |
|
|a Introduction -- Painting and its medium -- The art of the book in medieval South Asia -- Visions on the move -- A garland of visions -- Color as an encoding tool -- Color to matter : a material history of Indian painting -- Epilogue.
|
| 520 |
|
|
|a "Garland of Visions explores the generative relationships between artistic intelligence and tantric vision practices in the construction and circulation of visual knowledge in medieval South Asia. Shifting away from the traditional connoisseur approach, Jinah Kim instead focuses on the materiality of painting: its mediums, its visions, and especially its colors. She argues that the adoption of the pothi-format manuscript as a medium for painting in Indic religious circles enabled the material translation of a private and internal experience of "seeing" into a portable device. These mobile and intimate objects then became important conveyers of many forms of knowledge--ritual, artistic, social, scientific, and religious--and spurred the spread of visual knowledge of Indic Buddhism to distant lands. By taking color as the material link between a vision and its artistic output, Garland of Visions presents a paradigm-shifting material history of Indian painting"--
|c Provided by publisher.
|
| 650 |
|
0 |
|a Painting
|z India
|x History
|y 12th century.
|
| 650 |
|
0 |
|a Painting, Indic.
|
| 650 |
|
0 |
|a Color in art.
|
| 650 |
|
7 |
|a Color in art.
|2 fast
|0 (OCoLC)fst00868563
|
| 650 |
|
7 |
|a Painting.
|2 fast
|0 (OCoLC)fst01050567
|
| 650 |
|
7 |
|a Painting, Indic.
|2 fast
|0 (OCoLC)fst01050878
|
| 651 |
|
7 |
|a India.
|2 fast
|0 (OCoLC)fst01210276
|
| 648 |
|
7 |
|a 1100-1199
|2 fast
|
| 655 |
|
7 |
|a History.
|2 fast
|0 (OCoLC)fst01411628
|
| 852 |
8 |
|
|b pda,print
|z This title is available for the library to purchase for your use. Click the "Purchase It For Me" button to place a request. This item may take 5-10 business days to arrive.
|
| 955 |
|
|
|a Print PDA title
|
| 999 |
f |
f |
|s ba167f21-76eb-410c-9a40-5a48f16676ea
|i f02bee1d-a63c-3b6d-9bd9-ce87f72d1780
|t 0
|
| 952 |
f |
f |
|a Texas A&M University
|b College Station
|c Sterling C. Evans Library
|d Purchase on Demand
|t 0
|e ND1002 .K56 2021
|h Library of Congress classification
|
| 998 |
f |
f |
|a ND1002 .K56 2021
|t 0
|l Purchase on Demand
|